000
00305nam a2200109Ia 4500
008
210430s9999 xx 000 0 und d
082
_a
297 R6271F
100
_a
Muhammad Ilyas Atta Qadri Rizvi
_9
129508
245
_a
Fezan-e-Ramzan /
_c
Muhammad Ilyas Atta Qadri Rizvi
300
_a
693p.
942
_c
BK
_2
ddc
999
_c
565546
_d
565546